000 005790000a22001810004500
003 MACL
005 20160421125719.0
008 160421b xxu||||| |||| 00| 0 eng d
040 _aMACL
_cMACL
041 _aHindi
082 _a700
100 _aउपाध्‍याय भगवत शरण
_953067
245 _aभारतीय संस्‍कृति के स्‍त्रोत
260 _bपीपुल्‍स पब्लिशिंग
_c1991
_aनई दिल्‍ली
350 _a24
650 _aArts
_953068
942 _cHIN
_k700
_2ddc
999 _c21380
_d21380